000 00665nam a22001817a 4500
999 _c178420
_d178420
005 20210330151154.0
010 _aENG-129332
020 _a978-93-5388-411-6
_c1150.00
035 _aEN-112864
037 _bDBAD/PUB
082 _a327.174
100 _aSulaiman, Sadia
245 _aPost-Conflict Reconstructions: from extremism to peaceful co-existence/
_cSadia Sulaiman
260 _aNew Delhi
_bSage Publication India
_c2020
270 _aB1/1-1 Mohan Cooperative Industrial Area Mathura Road
_bNew Delhi
_e110044
300 _axiv+262p.
_c22cm(hbk)
_bIncluding tables, index and bibliographical references.
942 _2ddc
_cEN
_h327.174
_mSUL